000 00450nam a2200181Ia 4500
001 2718
005 20260306144827.0
008 260306t1995||||xx |||||||||||||| ||spa||
041 _aESP
082 _a218
_bG85
100 _aGuardini, Romano
_eAUT
245 0 _aEl fin de la modernidad:
_bquien sabe de Dios conoce al hombre
260 _c1995
300 _a187 páginas :
_c21 cm.
650 _aGEN
654 _aCHU
942 _cLIB
_dJUS
_fJUS
_2ddc
_n
999 _c2718
_d2718